Vista normal
Vista MARC
- Tixa, Serge
Entrada Nombre personal
Número de registros utilizados en: 2
001 - NÚMERO DE CONTROL
- campo de control: 8705
003 - IDENTIFICADOR DE NÚMERO DE CONTROL
- campo de control: Iste
005 - FECHA Y HORA DE LA ÚLTIMA TRANSACCIÓN
- campo de control: 20260113141124.0
008 - ELEMENTOS DE DATO DE LONGITUD-FIJA
- campo de control de longitud fija: 260113|| aca||aabn | a|a d
040 ## - FUENTE DE CATALOGACIÓN
- Centro catalogador/agencia de origen: Iste
- Centro/agencia transcriptor: Iste
100 ## - ENCABEZAMIENTO-NOMBRE DE PERSONA
- Nombre de persona: Tixa, Serge
- Títulos y otros términos asociados al nombre: Autor
670 ## - FUENTE DE DATOS ENCONTRADOS
- Cita de la fuente: Work cat.: (Iste)1736: Tixa, Serge Autor Autor, Atlas de anatomía palpatoria:, 2024
